Normal view
MARC view
- Wahid Bakhsh Rabbani
Entry Personal Name
001 - CONTROL NUMBER
- control field: 109940
003 - CONTROL NUMBER IDENTIFIER
- control field: NUST
005 - DATE AND TIME OF LATEST TRANSACTION
- control field: 20230307113340.0
008 - FIXED-LENGTH DATA ELEMENTS
- fixed length control field: 230307|| aca||aabn | a|a d
040 ## - CATALOGING SOURCE
- Original cataloging agency: NUST
- Transcribing agency: NUST
100 ## - HEADING--PERSONAL NAME
- Personal name: Wahid Bakhsh Rabbani
670 ## - SOURCE DATA FOUND
- Source citation: Work cat.: (NUST)185669: Rabbani Wahid Bakhsh 358, The Magnificent Power Potential of Pakistan /, 2001
